| 000 | 00842nam a2200217 i 4500 | ||
|---|---|---|---|
| 001 | 153036 | ||
| 003 | ES-MaACL | ||
| 005 | 20230906205007.0 | ||
| 008 | 920724s1733 sp |||| | spa d | ||
| 080 | _a336 | ||
| 110 | 1 |
_aEspaña. _bRey (1700-1746: Felipe V) _9155204 |
|
| 245 | 1 | 0 |
_aCopia de las ordinaciones del antiguo magistrado de la Deputacion del año de 1704 _b: mandadas observar por Su Magestad, concernientes al Ramo del Real Derecho de Bolla de este Principado. |
| 260 |
_aBarcelona : _bpor Ioseph Teixidò, _c1733. |
||
| 300 |
_a64 p. ; _c20 cm. |
||
| 510 | 4 | _aPalau 61.395 | |
| 530 | _aDisponible en Google libros. | ||
| 597 | _aPort. con orla tip. | ||
| 597 | _aSign.: A-H4. | ||
| 650 | 4 |
_aHacienda pública- _zCataluña. _9155205 |
|
| 852 |
_aES-MaACL _jR-3019 _z- Enc. piel verde con hierros _x Olim:T-208-F-4 |
||
| 999 |
_c153036 _d153036 |
||